000 01408nam a22003971i 4500
001 196295
003 ES-MaACL
005 20250805062621.0
007 ta
008 240828s1970 sp spa
017 _aB 4794951970
_bOficina Depósito Legal Barcelona
035 _a(OCoLC)433146993
035 _a(SpMaBN)bimo0001410239
035 _a991056888879708606
040 _aSpMaBN
_bspa
_cCDM
_dES-MaACL
080 _a947.25 L"1939/45"(0:20-3)
080 _a940.42(0:820-3)
080 _a820-311.6"19"
100 1 _aSalisbury, Harrison Evans,
_d1908-1993
_9101968
245 1 4 _aLos 900 dias :
_bEl sitio de Leningrado /
_c[traducción de J. Ferrer Aleu].
260 _a[Esplugues de Llobregat] :
_bPlaza & Janes,
_c[1970].
300 _a655 p. ;
_c22 cm
336 _2rdacontent
_atexto
337 _2rdamedia
_asin mediación
338 _2rdacarrier
_avolumen
500 _aTraducción de: The 900 days (The Siege of Leningrad)
651 7 _aSan Petersburgo (Rusia)
_xHistoria
_y1941-1944 (Sitio)
_2embne
_9238640
700 0 _aFerrer Aleu, J.
_950442
852 _aES-MaACL
_cDEPOJ
_jA-15522
_9204011
_hDonación: Fernando Codina Rodríguez
903 _aCodina Rodríguez, Fernando
_q1
_ednr
_9238631
942 _n0
_cMONOGRAFIA
956 _a1
999 _c196295
_d196295